000
00290nam a2200121Ia 4500
008
190216s9999||||xx |||||||||||||| ||und||
100
_a
Banking Chandra Chadudopadhyay
245
0
_a
Hindi-Devi Choudrani
260
_b
Balbajan Kendr
_c
2010
300
_a
142
650
_a
Hindi
942
_c
BK
999
_c
16885
_d
16885